A Review of radiation tire thermography. II (Record no. 53561)

MARC details
000 -LEADER
fixed length control field 00282nam a2200109Ia 4500
100 ## - MAIN ENTRY--AUTHOR NAME
Personal name Trivisonno Nicholas M
245 #2 - TITLE STATEMENT
Title A Review of radiation tire thermography. II
260 ## - PUBLICATION, DISTRIBUTION, ETC. (IMPRINT)
Name of publisher Elastomerics
Year of publication 1992
300 ## - PHYSICAL DESCRIPTION
Number of Pages 26-31
942 ## - ADDED ENTRY ELEMENTS (KOHA)
Koha item type Journals
Holdings
Withdrawn status Lost status Damaged status Not for loan Home library Current library Date acquired Serial Enumeration / chronology Koha item type
      Journals RRII Library RRII Library 17/12/2021 Volume 124, Issue 8 Journals